Vật lý phân tử và nhiệt học

Shranjeno v:
Bibliografske podrobnosti
Glavni avtor: Lê Văn
Format: Knjiga
Izdano: H. Giáo dục 1977
Izdaja:In lần 2
Serija:Sách đại học sư phạm
Teme:
Oznake: Označite
Brez oznak, prvi označite!
Thư viện lưu trữ: Trung tâm Học liệu Lê Vũ Hùng, Trường Đại học Đồng Tháp
LEADER 00872pam a22002658a 4500
001 00020784
005 20171026081023.0
008 110519s1977 ||||||Viesd
041 0 # |a Vie 
082 1 4 |a 539.071  |b V124L 
100 0 # |a Lê Văn 
245 0 0 |a Vật lý phân tử và nhiệt học  |c Lê Văn 
250 # # |a In lần 2 
260 # # |b Giáo dục  |c 1977  |a H. 
300 # # |a 352 tr.  |c 21 cm. 
490 # # |a Sách đại học sư phạm 
650 # 4 |a Nhiệt học 
650 # 4 |a Vật lý phân tử 
653 # # |a Giáo trình 
852 # # |b Kho giáo trình  |j KGT.0004826, KGT.0004827 
852 # # |b Kho mượn  |j KGT.0004826 
852 # # |b Kho đọc  |j KD.0005997 
852 # # |j KGT.0004827  |j KGT.0004826  |j KD.0005997 
910 0 # |a nhnam  |d 19/05/2011 
980 # # |a Trung tâm Học liệu Lê Vũ Hùng, Trường Đại học Đồng Tháp